000 00791nam a22002657a 4500
001 BR8803847
003 BR-BrBNA
005 20230928092943.0
007 ta
008 230509b bl.||||| |||| 00| 0 por d
040 _aBR-BrBNA
_bpor
_cBiblioteca Nacional de Agricultura
041 _a(Por)
072 _aE16
_b5214
_b/G514
090 _ 5214 BR8803847
110 1 _aComissao Nacional de Pecuaria de Leite, Rio de Janeiro, GB (Brasil)
_92180
245 1 _aRegistro de produtividade leiteira
_bvolume 12 - Controle leiteiro no. 1
260 3 _aRio de Janeiro, GB (Brasil):
_c1959.
300 _a28 p.
500 _a12 tables
650 _aGADO LEITEIRO
650 _aESTATISTICA DE PRODUCAO
650 _aCUSTO DE PRODUCAO
909 _a202309
_bLucia
_c55
_dLucia Elande
942 _cBK
999 _c42190
_d42190